000 00539nam a22001697a 4500
003 OSt
005 20260227144043.0
008 260227b |||||||| |||| 00| 0 eng d
040 _cMRSPTU
041 _aEnglish
100 _aHarpreet Singh, Supervisor: Gurprit Singh Bath
245 _aExperimental Investigation on Cement Concrete Using Copper Slag
260 _bDepartment of Civil Engg. MRSPTU, Bathinda
_c2015
650 _aCivil Engineering
856 _uhttp://163.47.215.52:8080/jspui/handle/123456789/1132
942 _2ddc
_cTH
_n0
999 _c11024
_d11024